Central Library OPAC University of Rajshahi

Marketing management / (Record no. 76213)

MARC details
000 -LEADER
fixed length control field 00664nam a22002417a 4500
001 - CONTROL NUMBER
control field 76213
003 - CONTROL NUMBER IDENTIFIER
rucl marc code BD-RjUL
005 - DATE AND TIME OF LATEST TRANSACTION
control field 20211209082817.0
008 - FIXED-LENGTH DATA ELEMENTS--GENERAL INFORMATION
fixed length control field 191112s2003 I ||||| |||| 001 0 eng d
020 ## - INTERNATIONAL STANDARD BOOK NUMBER
International Standard Book Number 0130497150
035 ## - SYSTEM CONTROL NUMBER
System control number (BD-RjUL)76434
040 ## - CATALOGING SOURCE
Original cataloging agency BD-RjUL
Language of cataloging eng
Transcribing agency BD-RjUL
Modifying agency BD-RjUL
041 ## - LANGUAGE CODE
Language code of text/sound track or separate title eng
082 04 - DEWEY DECIMAL CLASSIFICATION NUMBER
Classification number 658.8
Author mark and year KOM 2003
Edition number 19
100 1# - MAIN ENTRY--PERSONAL NAME
Personal name Kotler, Philip,
9 (RLIN) 1938
245 1# - TITLE STATEMENT
Title Marketing management /
Statement of responsibility, etc. Philip Kotler
250 ## - EDITION STATEMENT
Edition statement 11 th ed.
260 ## - PUBLICATION, DISTRIBUTION, ETC. (IMPRINT)
Place of publication, distribution, etc. New Jersey :
Name of publisher, distributor, etc. Prentice-Hall of India,
Date of publication, distribution, etc. 2003
300 ## - PHYSICAL DESCRIPTION
Pagination xxix, 706 p. :
Illustrations ill. ;
Size 28 cm.
504 ## - BIBLIOGRAPHY, ETC. NOTE
Bibliography, etc Includes index.
650 ## - SUBJECT ADDED ENTRY--TOPICAL TERM
Topical term or geographic name as entry element Marketing
Form subdivision Management
9 (RLIN) 5800
942 ## - ADDED ENTRY ELEMENTS (KOHA)
Source of classification or shelving scheme Dewey Decimal Classification
Koha item type Books
Holdings
Lost status Source of classification or shelving scheme Damaged status Not for loan Collection code Permanent Location Current Location Shelving location Date acquired Source of acquisition Cost, normal purchase price Total Checkouts Full call number Date last seen Copy number Koha item type
  Dewey Decimal Classification   Not For Loan Non-fiction Central Library, University of Rajshahi Central Library, University of Rajshahi Reading Room 04/06/2007 Paragon Interprise , Dhaka. 89.06   658.8 KOM 2003 12/11/2019 C-1 Books